| 000 | 00949cam a2200313Ia 4500 | ||
|---|---|---|---|
| 001 | 44119 | ||
| 005 | 20230410105404.0 | ||
| 008 | 930930s1979 sp 000 0 spa d | ||
| 035 | _a(OCoLC)ocm28915222 | ||
| 040 |
_aPBR _cPBR _dDRFGD |
||
| 020 | _a8474231132 | ||
| 020 | _a9788474231137 | ||
| 035 | _a(OCoLC)28915222 | ||
| 041 | 1 |
_aspa _hengitapol |
|
| 050 | 1 | 4 |
_aHB 501 _bK14s 1979 |
| 082 | 0 | 0 | _a330.904 |
| 100 | 1 | _aKalecki, Michal. | |
| 245 | 1 | 0 |
_aSobre el capitalismo contemporáneo / _cMichal Kalecki ; prólogo de Julio Segura. |
| 260 |
_aBarcelona : _bEditorial Crítica, _c1979. |
||
| 300 |
_a132 p. ; _c20 cm. |
||
| 490 | 0 |
_aCrítica/Economía ; _v3 |
|
| 500 | _aTranslation from the English and Italian versions of the Polish original works. | ||
| 650 | 0 | _aCapitalism. | |
| 650 | 0 |
_aEconomic history _y20th century. |
|
| 650 | 0 | _aFull employment policies. | |
| 942 |
_2lcc _cbk |
||
| 946 | _almminaya | ||
| 994 |
_aC0 _bDRFGD |
||
| 999 |
_c35698 _d35698 |
||